مكتبة جامعة عجلون الوطنية

فهرس بحث المكتبة

اللعب النظيف للجميع: اللجنة الدولية للعب النظيف CIFP مع نص الاعلان الدولي للعب النظيف (Record no. 18042)

MARC details
000 -LEADER
fixed length control field 00944nam a2200229Ii 4500
003 - CONTROL NUMBER IDENTIFIER
control field JO-AjNU
008 - FIXED-LENGTH DATA ELEMENTS--GENERAL INFORMATION
fixed length control field 230605s9999||||xx |||||||||||||| ||und||
017 ## - COPYRIGHT OR LEGAL DEPOSIT NUMBER
Copyright or legal deposit number 1994/8771
020 ## - INTERNATIONAL STANDARD BOOK NUMBER
International Standard Book Number 977-10-0711-4
040 ## - CATALOGING SOURCE
Original cataloging agency JO-AjNU
Language of cataloging ara
Description conventions rda
Transcribing agency JO-AjNU
041 ## - LANGUAGE CODE
Language code of text/sound track or separate title ara
050 14 - LIBRARY OF CONGRESS CALL NUMBER
Classification number GV567.5.F312 1994
100 3# - MAIN ENTRY--PERSONAL NAME
Personal name تحرير ميللر، نوربرت؛ ترجمة الخولي، أمين,
Relator term author
9 (RLIN) 35134
245 00 - TITLE STATEMENT
Title اللعب النظيف للجميع: اللجنة الدولية للعب النظيف CIFP مع نص الاعلان الدولي للعب النظيف
264 31 - PRODUCTION, PUBLICATION, DISTRIBUTION, MANUFACTURE, AND COPYRIGHT NOTICE
Place of production, publication, distribution, manufacture القاهرة: دار الفكر العربي، 1994
300 ## - PHYSICAL DESCRIPTION
Extent 50ص
Other physical details صور توضبحية
336 ## - CONTENT TYPE
Content type term text
Content type code txt
Source rdacontent
337 ## - MEDIA TYPE
Media type term unmediated
Media type code n
Source rdamedia
338 ## - CARRIER TYPE
Carrier type term volume
Carrier type code nc
Source rdacarrier
490 0# - SERIES STATEMENT
Series statement سلسلة الفكر العربي في التربية الرياضية؛ 5
650 #4 - SUBJECT ADDED ENTRY--TOPICAL TERM
Topical term or geographic name entry element الاخلاق الرياضية
9 (RLIN) 35135
Holdings
Withdrawn status Lost status Source of classification or shelving scheme Damaged status Not for loan Home library Current library Shelving location Date acquired Total Checkouts Full call number Barcode Date last seen Price effective from Koha item type
    Library of Congress Classification     مكتبة جامعة عجلون الوطنية مكتبة جامعة عجلون الوطنية المجموعات العامة 06/06/2023   GV567.5.F312 1994 A14474 06/06/2023 06/06/2023 Books